Classement Bundesliga 2025-2026 - Statistiques

Statistiques générales
  • Ce quiz a été pris 25 fois
  • Le résultat moyen est 10 sur 18
Statistiques - réponses
Hint Réponse % Correct
1. (Gagnant) Bayern
100%
2. (LDC) Dortmund
90%
3. (LDC) Leipzig
81%
6. (Europa League) Leverkusen
81%
4. (LDC) Stuttgart
71%
5. (Europa League) Hoffenheim
62%
16. (Barrages) Wolfsbourg
62%
8. Francfort
57%
10. Mainz
57%
11. Union Berlin
57%
14. Cologne
52%
7. (Europa conférence league) Freiburg
48%
13. Hambourg
48%
17. (Relégué) Heidenheim
43%
12. Monchengladbach
38%
18. (Relégué) Saint Pauli
38%
9. Augsbourg
29%
15. Werder Bremen
14%
Aucun quiz correspondant
Distribution des résultats
% des personnes avec chaque résultat
Percentile par nombre de réponses
Votre historique - résultats
Vous n’avez pas pris ce quiz